| 000 | 00436nam a2200169Ia 4500 | ||
|---|---|---|---|
| 008 | 121123t1966 xxu||||| |||| 00| 0 sin d | ||
| 041 | _asin | ||
| 080 |
_a8S-14/16 _bKAV |
||
| 100 | _aDarmakirthi Himi Rathmalane | ||
| 245 | _aකාව්ය ශේඛර | ||
| 246 | _aKavyashekhara | ||
| 260 |
_b.K.KPunchibanda _a- _c1966 |
||
| 300 | _b318p., 21 cm | ||
| 942 | _cBK | ||
| 999 |
_c74930 _d74930 |
||
| 003 | LK-CoDNM | ||
| 040 |
_aLK-CoDNM _dLK-CoDNM _eLK-CoDNM |
||